Land vs. Land #167 - Statistiken

Allgemein
  • Dieses Quiz wurde 13 mal gespielt
  • Das Durchschnittsergebnis liegt bei 11 aus 14
Antwortstatistiken
Frage Antwort % Korrekt
...Fläche? Suriname🇸🇷
92%
...Bruttoinlandsprodukt pro Kopf? Zypern🇨🇾
92%
...Tourismus? Zypern🇨🇾
92%
...HDI (Human Development Index)? Zypern🇨🇾
92%
...Lebenserwartung? Zypern🇨🇾
92%
...Gewinner? Zypern🇨🇾
92%
...Bruttoinlandsprodukt? Zypern🇨🇾
83%
...Gesundheitswesen? Zypern🇨🇾
83%
...durchschnittlicher IQ? Zypern🇨🇾
83%
...Happy Planet Index? Zypern🇨🇾
67%
...Militär? Zypern🇨🇾
58%
...Exportmengen? Zypern🇨🇾
58%
...Einwohner? Zypern🇨🇾
50%
...Frieden? Zypern🇨🇾
42%
Keine übereinstimmenden Quizze gefunden
Verteilung der Resultate
Anzahl Personen mit jedem Resultat
Perzentil nach korrekt beantworteten Fragen
Ihre Resultats-Entwicklung
Sie haben dieses Quiz noch nicht gespielt